[Event "CZE-chT U18 Extraliga Ost 1516"]
[Site "Czech Republic"]
[Date "2015.10.03"]
[Round "2.3"]
[White "Filip, Tomas"]
[Black "Koukal, Ondrej"]
[Result "1/2-1/2"]
[WhiteElo "1932"]
[BlackElo "1540"]
[PlyCount "91"]
[EventDate "2015.10.03"]
[EventType "team-tourn"]
[EventRounds "11"]
[EventCountry "CZE"]
[SourceTitle "EXT 2022"]
[Source "ChessBase"]
[SourceDate "2021.10.06"]
[SourceVersion "1"]
[SourceVersionDate "2021.10.06"]
[SourceQuality "1"]
[WhiteTeam "Stare Mesto U18"]
[BlackTeam "Brno Duras U18"]
[WhiteTeamCountry "CZE"]
[BlackTeamCountry "CZE"]

1. e4 d6 2. d4 g6 3. c4 Bg7 4. Nc3 Nf6 5. f3 Nbd7 6. Be3 0-0 7. Qd2 e5 8. d5 a6 9. g4 Re8 10. Nge2 Nf8 11. Ng3 Bd7 12. h4 h5 13. gxh5 Nxh5 14. Nxh5 gxh5 15. Bg5 Bf6 16. Ne2 Ng6 17. Ng3 Nxh4 18. Bxh4 Bxh4 19. Qh2 Bxg3+ 20. Qxg3+ Kf8 21. Rxh5 Qf6 22. 0-0-0 Ke7 23. Rg5 Rh8 24. Bg2 Rh6 25. Rh1 Rah8 26. Rxh6 Rxh6 27. Kd2 Rg6 28. Rxg6 Qxg6 29. Qxg6 fxg6 30. Ke3 Kf6 31. Kf2 Kg5 32. Kg3 a5 33. Bf1 Bc8 34. b3 Bd7 35. a3 b6 36. Be2 Be8 37. Bd1 Bd7 38. Be2 Bc8 39. a4 Bd7 40. Bd1 Bc8 41. Bc2 Kh6 42. Bd3 g5 43. Be2 Bd7 44. Bd1 Bc8 45. Be2 Bd7 46. Bd1 1/2-1/2

[Event "Liptovsky Mikulas CupT U20"]
[Site "Liptovsky Mikulas"]
[Date "2015.06.28"]
[Round "7.3"]
[White "Filip, Tomas"]
[Black "Batora, Matej"]
[Result "1-0"]
[WhiteElo "1777"]
[BlackElo "1830"]
[PlyCount "63"]
[EventDate "2015.06.25"]
[EventType "team-swiss"]
[EventRounds "7"]
[EventCountry "SVK"]
[SourceTitle "CBM 167 Extra"]
[Source "ChessBase"]
[SourceDate "2015.09.14"]
[SourceVersion "1"]
[SourceVersionDate "2015.09.14"]
[SourceQuality "1"]
[WhiteTeam "Interchess (U18)"]
[BlackTeam "Nitra Junior (U18)"]
[WhiteTeamCountry "SVK"]
[BlackTeamCountry "SVK"]

1. e4 e5 2. Nf3 Nc6 3. Bb5 a6 4. Ba4 Bc5 5. 0-0 Nge7 6. c3 b5 7. Bb3 0-0 8. d4 exd4 9. cxd4 Ba7 10. d5 Na5 11. Bc2 d6 12. Nbd2 Ng6 13. b4 Nb7 14. Bb2 f6 15. Bd4 Bxd4 16. Nxd4 a5 17. bxa5 Nxa5 18. Nxb5 Ba6 19. Ba4 Qe7 20. Re1 Ne5 21. Rc1 Bxb5 22. Bxb5 Nb7 23. Qc2 Ra5 24. a4 Nc5 25. Nb3 Rxb5 26. axb5 Ncd3 27. Red1 Nxc1 28. Rxc1 Rb8 29. Nd4 Ra8 30. f3 Ra7 31. f4 c5 32. dxc6 1-0

[Event "Liptovsky Mikulas CupT U20"]
[Site "Liptovsky Mikulas"]
[Date "2015.06.27"]
[Round "5.3"]
[White "Filip, Tomas"]
[Black "Holly, Andrej"]
[Result "1-0"]
[WhiteElo "1777"]
[BlackElo "1688"]
[PlyCount "49"]
[EventDate "2015.06.25"]
[EventType "team-swiss"]
[EventRounds "7"]
[EventCountry "SVK"]
[SourceTitle "CBM 167 Extra"]
[Source "ChessBase"]
[SourceDate "2015.09.14"]
[SourceVersion "1"]
[SourceVersionDate "2015.09.14"]
[SourceQuality "1"]
[WhiteTeam "Interchess (U18)"]
[BlackTeam "Liptov Chess School (U18)"]
[WhiteTeamCountry "SVK"]
[BlackTeamCountry "SVK"]

1. e4 c5 2. Nf3 d6 3. d4 cxd4 4. Nxd4 Nf6 5. Nc3 g6 6. Be3 Bg7 7. Bc4 0-0 8. f3 Nc6 9. Bb3 Bd7 10. Qd2 Rc8 11. 0-0-0 Ne5 12. g4 Nc4 13. Bxc4 Rxc4 14. Nb3 a6 15. h4 b5 16. h5 Be6 17. hxg6 fxg6 18. e5 Ne8 19. Qh2 Bh6 20. Qxh6 Rf7 21. Bd4 Qc7 22. exd6 Nxd6 23. Qxg6+ Kf8 24. Qxe6 b4 25. Nd5 1-0

[Event "Liptovsky Mikulas CupT U20"]
[Site "Liptovsky Mikulas"]
[Date "2015.06.27"]
[Round "4.3"]
[White "Ocko, Martin"]
[Black "Filip, Tomas"]
[Result "1/2-1/2"]
[WhiteElo "2055"]
[BlackElo "1777"]
[PlyCount "67"]
[EventDate "2015.06.25"]
[EventType "team-swiss"]
[EventRounds "7"]
[EventCountry "SVK"]
[SourceTitle "CBM 167 Extra"]
[Source "ChessBase"]
[SourceDate "2015.09.14"]
[SourceVersion "1"]
[SourceVersionDate "2015.09.14"]
[SourceQuality "1"]
[WhiteTeam "Osuske (U18)"]
[BlackTeam "Interchess (U18)"]
[WhiteTeamCountry "SVK"]
[BlackTeamCountry "SVK"]

1. e4 c5 2. Na3 d6 3. Bb5+ Bd7 4. Bxd7+ Qxd7 5. d3 g6 6. f4 d5 7. Qf3 d4 8. Ne2 Bg7 9. 0-0 Nc6 10. Bd2 e6 11. Ng3 f5 12. Rae1 Nge7 13. exf5 exf5 14. Nc4 0-0 15. Re2 Rae8 16. Rfe1 b5 17. Na5 Kf7 18. Nxc6 Nxc6 19. Rxe8 Rxe8 20. Rxe8 Kxe8 21. Kf2 Kf7 22. b3 Qe6 23. Qe2 Qxe2+ 24. Nxe2 Ke6 25. c4 bxc4 26. bxc4 Bf6 27. Nc1 Kd6 28. a3 Bd8 29. Nb3 Bb6 30. Kf3 Ke6 31. g3 Kf6 32. h4 h5 33. Kf2 Ke6 34. Kf3 1/2-1/2

[Event "Frydek-Mistek U15"]
[Site "Frydek Mistek"]
[Date "2015.04.05"]
[Round "7"]
[White "Filip, Tomas"]
[Black "Moreby, James"]
[Result "0-1"]
[WhiteElo "1685"]
[BlackElo "1954"]
[PlyCount "62"]
[EventDate "2015.04.02"]
[EventType "swiss"]
[EventRounds "8"]
[EventCountry "CZE"]
[SourceTitle "EXT 2016"]
[Source "ChessBase"]
[SourceDate "2015.10.08"]
[SourceVersion "1"]
[SourceVersionDate "2015.10.08"]
[SourceQuality "1"]

1. e4 g6 2. d4 Bg7 3. c4 d6 4. Nc3 Na6 5. Be3 Nf6 6. f3 0-0 7. Qd2 c5 8. Nge2 cxd4 9. Nxd4 Nc7 10. 0-0-0 Bd7 11. g4 a6 12. h4 h5 13. gxh5 Nxh5 14. Bh6 b5 15. Rg1 Ne6 16. Bxg7 Nexg7 17. Qh6 e6 18. Rg5 Qf6 19. Bg2 Rac8 20. Kb1 Rxc4 21. e5 dxe5 22. Ne4 Qe7 23. Ne2 Bc6 24. N2g3 Bxe4+ 25. fxe4 Rd8 26. Rg1 Qd6 27. a3 Qd3+ 28. Ka1 Qe3 29. Rf1 Rd3 30. Nxh5 Rxa3+ 31. bxa3 Qxa3+ 0-1

[Event "Frydek-Mistek U15"]
[Site "Frydek Mistek"]
[Date "2015.04.03"]
[Round "3"]
[White "Filip, Tomas"]
[Black "Kuchar, Matej"]
[Result "1-0"]
[WhiteElo "1685"]
[BlackElo "1879"]
[PlyCount "109"]
[EventDate "2015.04.02"]
[EventType "swiss"]
[EventRounds "8"]
[EventCountry "CZE"]
[SourceTitle "EXT 2016"]
[Source "ChessBase"]
[SourceDate "2015.10.08"]
[SourceVersion "1"]
[SourceVersionDate "2015.10.08"]
[SourceQuality "1"]

1. e4 c5 2. Nf3 g6 3. d4 cxd4 4. Nxd4 Nc6 5. Be3 Nf6 6. Nc3 Bg7 7. Nb3 0-0 8. f3 d6 9. Qd2 Be6 10. 0-0-0 a6 11. g4 Ne5 12. h4 Nxf3 13. Qg2 Ne5 14. g5 Nfd7 15. Be2 Qc7 16. h5 Rfc8 17. hxg6 hxg6 18. Kb1 b5 19. Nd4 b4 20. Na4 Bc4 21. b3 Bxe2 22. Qxe2 Nc5 23. Nxc5 dxc5 24. Ne6 fxe6 25. Qh2 Nf7 26. Qh7+ Kf8 27. Rdf1 Qe5 28. Kc1 Rd8 29. Rxf7+ Kxf7 30. Rf1+ Ke8 31. Qxg6+ Kd7 32. Rf7 Kc8 33. Qxg7 Qxe4 34. Bxc5 Qe1+ 35. Kb2 e5 36. Rf3 Qh1 37. Qf7 e4 38. Rf1 Qh8+ 39. Kb1 Qg8 40. Qf5+ Kc7 41. Qe5+ Kc6 42. Bxe7 Qd5 43. Qf6+ Kb7 44. Bxd8 Rxd8 45. g6 Qd6 46. Qxd6 Rxd6 47. g7 Rg6 48. Rf7+ Kc6 49. Rf6+ Rxf6 50. g8Q Kd6 51. Qc4 Re6 52. Qxb4+ Ke5 53. Kc1 Kf4 54. Kd2 Rg6 55. Qf8+ 1-0

[Event "Frydek-Mistek U15"]
[Site "Frydek Mistek"]
[Date "2015.04.02"]
[Round "2"]
[White "Bochkarev, Semen"]
[Black "Filip, Tomas"]
[Result "0-1"]
[WhiteElo "1998"]
[BlackElo "1685"]
[PlyCount "60"]
[EventDate "2015.04.02"]
[EventType "swiss"]
[EventRounds "8"]
[EventCountry "CZE"]
[SourceTitle "EXT 2016"]
[Source "ChessBase"]
[SourceDate "2015.10.08"]
[SourceVersion "1"]
[SourceVersionDate "2015.10.08"]
[SourceQuality "1"]

1. e4 c5 2. Nf3 d6 3. d4 cxd4 4. Nxd4 Nf6 5. Nc3 a6 6. Bg5 e6 7. f4 Be7 8. Qf3 Nbd7 9. 0-0-0 0-0 10. g4 Qc7 11. Bxf6 Nxf6 12. g5 Nd7 13. h4 b5 14. h5 Nc5 15. g6 h6 16. gxf7+ Rxf7 17. Rg1 b4 18. Nb1 Bb7 19. Nd2 d5 20. e5 a5 21. Bd3 Rxf4 22. Qg3 Bg5 23. Ne2 Nxd3+ 24. Qxd3 Ba6 25. Qe3 Re4 26. Qh3 Rxe2 27. Qxe6+ Qf7 28. Qc6 Bb7 29. Qb5 Rxd2 30. Rxd2 Bxd2+ 0-1

[Event "CZE-ch U14"]
[Site "Kouty nad Desnou"]
[Date "2015.03.11"]
[Round "6"]
[White "Filip, Tomas"]
[Black "Solc, Filip"]
[Result "0-1"]
[WhiteElo "1710"]
[BlackElo "1833"]
[PlyCount "78"]
[EventDate "2015.03.07"]
[EventType "swiss"]
[EventRounds "9"]
[EventCountry "CZE"]
[SourceTitle "EXT 2017"]
[Source "ChessBase"]
[SourceDate "2016.10.25"]
[SourceVersion "1"]
[SourceVersionDate "2016.10.25"]
[SourceQuality "1"]

1. e4 c5 2. Nf3 Nc6 3. d4 cxd4 4. Nxd4 Nf6 5. Nc3 e5 6. Ndb5 d6 7. Bg5 a6 8. Na3 b5 9. Nd5 Be7 10. Bxf6 Bxf6 11. c4 b4 12. Nc2 a5 13. Be2 Bg5 14. 0-0 0-0 15. Qd3 f5 16. Nde3 Ne7 17. Rad1 Rf6 18. c5 Ba6 19. Qb3+ Kf8 20. Bxa6 Rxa6 21. exf5 Qc8 22. Ng4 d5 23. Nxf6 Bxf6 24. Ne3 d4 25. Nd5 Qxc5 26. Nxf6 Rxf6 27. Rc1 Qd6 28. Qf3 Rxf5 29. Qa8+ Kf7 30. Qxa5 e4 31. Qa4 Qf6 32. Qxb4 Nd5 33. Qb3 Kg6 34. Qh3 Nf4 35. Qg4+ Rg5 36. Qd1 Rxg2+ 37. Kh1 Rxh2+ 38. Kxh2 Qh4+ 39. Kg1 Qg5+ 0-1

[Event "CZE-ch U14"]
[Site "Kouty nad Desnou"]
[Date "2015.03.10"]
[Round "5"]
[White "Zitny, Michal"]
[Black "Filip, Tomas"]
[Result "1/2-1/2"]
[WhiteElo "1524"]
[BlackElo "1710"]
[PlyCount "56"]
[EventDate "2015.03.07"]
[EventType "swiss"]
[EventRounds "9"]
[EventCountry "CZE"]
[SourceTitle "EXT 2017"]
[Source "ChessBase"]
[SourceDate "2016.10.25"]
[SourceVersion "1"]
[SourceVersionDate "2016.10.25"]
[SourceQuality "1"]

1. d4 d5 2. c4 e6 3. cxd5 exd5 4. Nc3 c6 5. Nf3 Bf5 6. Bf4 Nf6 7. e3 Be7 8. Bd3 Bxd3 9. Qxd3 0-0 10. 0-0 Nbd7 11. Rab1 Re8 12. b4 a6 13. a4 Bf8 14. Bg5 h6 15. Bh4 g5 16. Bg3 Ne4 17. Nd2 f5 18. f3 Nxc3 19. Qxc3 Qe7 20. Rfe1 Qf6 21. e4 Bg7 22. e5 Qg6 23. f4 Nf8 24. Rf1 Ne6 25. Nb3 h5 26. h4 gxh4 27. Bxh4 Bh6 28. Qg3 Qxg3 1/2-1/2

[Event "CZE-ch U14"]
[Site "Kouty nad Desnou"]
[Date "2014.03.12"]
[Round "6"]
[White "Zitny, Michal"]
[Black "Filip, Tomas"]
[Result "0-1"]
[WhiteElo "1566"]
[BlackElo "1590"]
[PlyCount "80"]
[EventDate "2014.03.08"]
[EventType "swiss"]
[EventRounds "9"]
[EventCountry "CZE"]
[SourceTitle "EXT 2015"]
[Source "ChessBase"]
[SourceDate "2014.11.20"]
[SourceVersion "1"]
[SourceVersionDate "2014.11.20"]
[SourceQuality "1"]

1. c4 e5 2. Nc3 Nf6 3. Nf3 Nc6 4. g3 d5 5. cxd5 Nxd5 6. Bg2 Nb6 7. d3 Be7 8. Be3 Be6 9. Qd2 f6 10. 0-0 0-0 11. Rfd1 Nd4 12. Rac1 Bb4 13. Ne1 Bxa2 14. Bxb7 Rb8 15. Bxd4 exd4 16. Bg2 Bf7 17. Ra1 Nd5 18. Bxd5 Bxd5 19. Rxa7 dxc3 20. bxc3 Bc5 21. Raa1 f5 22. c4 Bb4 23. Qf4 Be6 24. Qe5 Qe7 25. e3 Qf7 26. Nf3 Bd6 27. Qa5 Qe7 28. Nd4 Bd7 29. Rdc1 c5 30. Ne2 Bc6 31. Qd2 Bf3 32. Ra2 Qd7 33. Qe1 g5 34. Qf1 f4 35. exf4 gxf4 36. Nc3 fxg3 37. fxg3 Be5 38. Nb5 Rxb5 39. cxb5 Bd4+ 40. Rf2 Be2 0-1

[Event "EU Union-ch U12"]
[Site "Malenovice"]
[Date "2013.09.05"]
[Round "9"]
[White "Filip, Tomas"]
[Black "Otetea, Andrei"]
[Result "1/2-1/2"]
[WhiteElo "1557"]
[BlackElo "1630"]
[PlyCount "64"]
[EventDate "2013.08.28"]
[EventType "swiss"]
[EventRounds "9"]
[EventCountry "CZE"]
[SourceTitle "CBM 156 Extra"]
[Source "ChessBase"]
[SourceDate "2013.10.22"]
[SourceVersion "1"]
[SourceVersionDate "2013.10.22"]
[SourceQuality "1"]

1. e4 c5 2. Nf3 d6 3. d4 cxd4 4. Nxd4 Nf6 5. Nc3 g6 6. f3 Bg7 7. Be3 0-0 8. Qd2 Nc6 9. g4 Nxd4 10. Bxd4 Be6 11. 0-0-0 Qa5 12. Kb1 Rfb8 13. h4 b5 14. b3 b4 15. Na4 Bd7 16. Nb2 Bxg4 17. Nc4 Qc7 18. fxg4 Nxe4 19. Qf4 Bxd4 20. Qxe4 Bg7 21. h5 a5 22. Bd3 a4 23. hxg6 hxg6 24. Qg2 axb3 25. cxb3 e6 26. Qh2 Qa7 27. Rdf1 Qd4 28. Nb2 f5 29. gxf5 exf5 30. Bc4+ d5 31. Rd1 Qe4+ 32. Bd3 Qe5 1/2-1/2

[Event "EU Union-ch U12"]
[Site "Malenovice"]
[Date "2013.08.28"]
[Round "1"]
[White "Filip, Tomas"]
[Black "Volcko, Richard"]
[Result "0-1"]
[WhiteElo "1557"]
[BlackElo "1811"]
[PlyCount "46"]
[EventDate "2013.08.28"]
[EventType "swiss"]
[EventRounds "9"]
[EventCountry "CZE"]
[SourceTitle "CBM 156 Extra"]
[Source "ChessBase"]
[SourceDate "2013.10.22"]
[SourceVersion "1"]
[SourceVersionDate "2013.10.22"]
[SourceQuality "1"]

1. e4 e5 2. Nf3 Nc6 3. Bb5 Bc5 4. c3 f5 5. exf5 e4 6. Bxc6 bxc6 7. Ne5 Qh4 8. d4 exd3 9. Nxd3 Bd6 10. Qe2+ Ne7 11. Nd2 0-0 12. Nf3 Qg4 13. 0-0 Nxf5 14. Bg5 Ba6 15. h3 Qh5 16. Qc2 Bc4 17. b3 Bd5 18. Nde1 Rae8 19. Qd2 Re6 20. c4 Be4 21. c5 Bxc5 22. Qxd7 Rg6 23. Kh1 Bd5 0-1

[Event "CZE-ch U12"]
[Site "Kouty nad Desnou"]
[Date "2013.03.15"]
[Round "8"]
[White "Hurdzan, Tomas"]
[Black "Filip, Tomas"]
[Result "1-0"]
[WhiteElo "1827"]
[BlackElo "1558"]
[PlyCount "87"]
[EventDate "2013.03.09"]
[EventType "swiss"]
[EventRounds "9"]
[EventCountry "CZE"]
[SourceTitle "EXT 2015"]
[Source "ChessBase"]
[SourceDate "2014.11.20"]
[SourceVersion "1"]
[SourceVersionDate "2014.11.20"]
[SourceQuality "1"]

1. e4 e6 2. Nf3 Nf6 3. Nc3 d5 4. e5 Nfd7 5. d4 c5 6. dxc5 Nc6 7. Bf4 Bxc5 8. Bd3 f6 9. exf6 Nxf6 10. 0-0 0-0 11. Ne5 Bd6 12. Qe2 a6 13. Rae1 Qc7 14. Bg3 Ne4 15. Bxe4 Bxe5 16. Bxe5 Qxe5 17. Bxh7+ Kxh7 18. Qxe5 Nxe5 19. Rxe5 Bd7 20. Ne2 Rac8 21. Nd4 Rf6 22. Rfe1 Re8 23. g3 Kg6 24. f4 Kf7 25. Kf2 g6 26. c3 b5 27. Nf3 Rc8 28. Nd4 Rc4 29. Ke3 b4 30. cxb4 Rxb4 31. b3 a5 32. Rc1 a4 33. a3 Rb7 34. b4 Ke7 35. Kd3 Kd6 36. Re2 Rc7 37. Rxc7 Kxc7 38. Rc2+ Kd6 39. Nf3 Rf8 40. h4 Ke7 41. Ne5 Be8 42. Kd4 Bf7 43. Rc7+ Kf6 44. Nd7+ 1-0

[Event "EU-ch U12"]
[Site "Prague"]
[Date "2012.08.18"]
[Round "2"]
[White "Skripka, Nikita"]
[Black "Filip, Tomas"]
[Result "1-0"]
[WhiteElo "1916"]
[BlackElo "1565"]
[PlyCount "31"]
[EventDate "2012.08.17"]
[EventType "swiss"]
[EventRounds "9"]
[EventCountry "CZE"]
[SourceTitle "CBM 150 Extra"]
[Source "ChessBase"]
[SourceDate "2012.10.19"]
[SourceVersion "1"]
[SourceVersionDate "2012.10.19"]
[SourceQuality "1"]

1. e4 e6 2. d4 d5 3. Nc3 Nf6 4. Bg5 Be7 5. e5 Nfd7 6. h4 Bxg5 7. hxg5 Qxg5 8. Nh3 Qe7 9. Qg4 f5 10. Qh5+ g6 11. Qh6 a6 12. Nf4 Nf8 13. 0-0-0 Bd7 14. Nfxd5 exd5 15. Nxd5 Qd8 16. Qg7 1-0